000
00212nam a2200085Ia 4500
008
120527s9999 xx 000 0 und d
100
_a
Greenberg, Jerald
245
_a
Managing Behaviour in organisation
942
_c
BK
999
_c
27220
_d
27220